Normal view MARC view

Entry Meeting Name

Number of records used in: 1

001 - CONTROL NUMBER

  • control field: 24841

003 - CONTROL NUMBER IDENTIFIER

  • control field: OSt

005 - DATE AND TIME OF LATEST TRANSACTION

  • control field: 20211105134913.0

008 - FIXED-LENGTH DATA ELEMENTS

  • fixed length control field: 211105|| aca||aabn | a|a d

040 ## - CATALOGING SOURCE

  • Original cataloging agency: OSt
  • Transcribing agency: OSt

111 ## - HEADING--MEETING NAME

  • Meeting name or jurisdiction name as entry element: ESLAB Symposium
  • Number of part/section/meeting: 33 rd
  • Location of meeting: Noordwijk, Netherlands
  • Date of meeting or treaty signing: 1999 Nov. 2-5

670 ## - SOURCE DATA FOUND

  • Source citation: Work cat.: (OSt): European Space Laboratory 24840, Star formation from the small to the large scale, 2000

Powered by Koha